000 00737nam a2200289Ia 4500
005 20260324123138.0
008 008 260324s9999 xx 000 0 eng d
020 _a9781315591315
037 _aEBOOK
040 _aCRL
040 _beng
040 _cCRL
041 _2eng
041 _aeng
084 _qCRL
100 _aGjert Lage Dyndal
_91169194
245 0 _aLand Based Air Power or Aircraft Carriers?
245 2 _bA Case Study of the British Debate about Maritime Air Power in the 1960s
260 _bTaylor and Francis
260 _c2012
365 _a
365 _b240
856 _uhttp://www.taylorfrancis.com/books/9781315591315
942 _cEBOOK
999 _c1762461
_d1762461